[Event "15th London Classic Open"]
[Site "London ENG"]
[Date "2025.11.30"]
[Round "5.30"]
[White "Hebden, Mark L"]
[Black "Laurent, Julien G."]
[Result "1/2-1/2"]
[WhiteTitle "GM"]
[BlackTitle "FM"]
[WhiteElo "2355"]
[BlackElo "2189"]
[WhiteFideId "400084"]
[BlackFideId "618500"]
[EventDate "2025.11.27"]

1. d4 d6 2. e4 g6 3. Bc4 Bg7 4. Nf3 a6 5. O-O e6 6. c3 Ne7 7. Qe2 d5 8. Bd3 dxe4
9. Bxe4 Nd7 10. Bf4 Nf6 11. Bc2 O-O 12. Nbd2 b6 13. h3 Bb7 14. Rad1 Rc8 15. Be5
Re8 16. Rfe1 Nf5 17. Bb3 Qe7 18. Nc4 Nd5 19. Bh2 Nh4 20. Nxh4 Qxh4 21. Qg4 Qxg4
22. hxg4 Bh6 23. Ne5 Bf4 24. Bxf4 Nxf4 25. g3 Nh3+ 26. Kf1 Ng5 27. Rd3 Ne4 28.
f3 Nd6 29. g5 Kg7 30. c4 Rcd8 31. g4 Rh8 32. c5 Nb5 33. Red1 h6 34. a4 Na7 35.
cxb6 cxb6 36. d5 Bxd5 37. Bxd5 exd5 38. Rxd5 Rde8 39. gxh6+ Rxh6 40. Kg2 Re7 41.
Kg3 Rh8 42. g5 Nc8 43. f4 Re6 44. Rd8 Rxd8 45. Rxd8 Ne7 46. Ra8 a5 47. Rb8 f6
48. gxf6+ Kxf6 49. Nc4 Nd5 50. Kg4 Re4 51. Nxb6 Rxf4+ 52. Kg3 Rd4 53. Nd7+ Ke7
54. Nc5 Rb4 55. Rxb4 Nxb4 56. Kf3 Kd6 57. Nb7+ Kd5 58. Nxa5 Nd3 59. b3 Nc5 60.
Kf4 Kd4 61. Kg5 1/2-1/2

[Event "15th London Classic Open"]
[Site "London ENG"]
[Date "2025.11.30"]
[Round "5.31"]
[White "Otsuka, Shou"]
[Black "Kanyamarala, Trisha"]
[Result "0-1"]
[WhiteTitle "FM"]
[BlackTitle "WIM"]
[WhiteElo "2335"]
[BlackElo "2149"]
[WhiteFideId "7004702"]
[BlackFideId "45004722"]
[EventDate "2025.11.27"]

1. c4 e6 2. g3 d5 3. Bg2 Nf6 4. Nf3 Be7 5. O-O O-O 6. d3 Nbd7 7. b3 c6 8. Bb2
Re8 9. e3 Bf8 10. Ne5 Nxe5 11. Bxe5 Bd6 12. f4 Bxe5 13. fxe5 Nd7 14. d4 f6 15.
exf6 Nxf6 16. Nc3 b5 17. e4 bxc4 18. e5 Nd7 19. Qh5 Ba6 20. Ne4 dxe4 21. Bxe4 g6
22. Bxg6 Re7 23. Rf4 hxg6 24. Qxg6+ Rg7 25. Qxe6+ Kh8 26. Qxc6 Nxe5 27. Qxa6 Ng6
28. Re4 c3 29. Rc1 Rc8 30. d5 c2 31. Rc4 Rxc4 32. Qxc4 Qb6+ 33. Kg2 Qe3 34. Qc8+
Rg8 35. Qh3+ Kg7 36. Qd7+ Kh6 37. Rf1 Qe2+ 38. Rf2 Nf4+ 0-1

[Event "15th London Classic Open"]
[Site "London ENG"]
[Date "2025.11.30"]
[Round "5.32"]
[White "Roe, Simon J"]
[Black "Langheinrich, Ferenc"]
[Result "1-0"]
[BlackTitle "IM"]
[WhiteElo "2172"]
[BlackElo "2334"]
[WhiteFideId "401471"]
[BlackFideId "4641973"]
[EventDate "2025.11.27"]

1. Nf3 g6 2. d4 Nf6 3. c4 Bg7 4. g3 O-O 5. Bg2 d6 6. Nc3 Re8 7. O-O Bd7 8. e4 e5
9. d5 a5 10. h3 Na6 11. Ne1 c6 12. dxc6 Bxc6 13. Nc2 Nc5 14. Re1 h6 15. Na3 Qe7
16. Nab5 Red8 17. Qc2 b6 18. b3 Qb7 19. Ba3 h5 20. Rad1 Qe7 21. Bc1 h4 22. g4
Bxb5 23. Nxb5 Ne6 24. Be3 Rab8 25. Qd2 Rd7 26. Nc3 Qf8 27. Nd5 Nxd5 28. exd5 Nf4
29. Bxf4 exf4 30. Qxf4 Re7 31. g5 Rbe8 32. Rxe7 Qxe7 33. Bf3 Qe5 34. Qxh4 Qb2
35. Qf4 Qxa2 36. Qxd6 Qxb3 37. Kg2 a4 38. Qc6 Re5 39. h4 Bf8 40. d6 Rc5 41. Qa8
Qxc4 42. d7 Qxh4 43. Qxf8+ 1-0

[Event "15th London Classic Open"]
[Site "London ENG"]
[Date "2025.11.30"]
[Round "5.33"]
[White "Stone, Andrew M"]
[Black "Coicev, Matei-Andrei"]
[Result "0-1"]
[BlackTitle "FM"]
[WhiteElo "2122"]
[BlackElo "2332"]
[WhiteFideId "404985"]
[BlackFideId "1279688"]
[EventDate "2025.11.27"]

1. Nf3 Nf6 2. c4 e6 3. g3 d5 4. Bg2 Be7 5. O-O O-O 6. d4 c6 7. b3 Nbd7 8. Bb2 b6
9. Qc2 Bb7 10. Nc3 Ba6 11. Nd2 Rc8 12. e4 dxc4 13. bxc4 e5 14. Ne2 Bd6 15. Rfd1
Qc7 16. Rac1 Rfe8 17. Nb3 Bf8 18. Nd2 Rcd8 19. Qa4 Bc8 20. d5 Nc5 21. Qc2 Bg4
22. f3 Bc8 23. Nf1 Nb7 24. Kh1 Bc5 25. Qa4 Bd7 26. Qc2 Na5 27. Nd2 Be3 28. Qd3
Bh6 29. Rc2 Nb7 30. Nb3 a5 31. Nc3 Ra8 32. dxc6 Qxc6 33. Nd5 Nxd5 34. cxd5 Qd6
35. Bc1 a4 36. Nd2 b5 37. Ba3 Qb6 38. Bb4 g6 39. Rdc1 Bf8 40. Qa3 Bxb4 41. Qxb4
Rac8 42. h4 Qd6 43. Qxd6 Nxd6 44. Bf1 Rxc2 45. Rxc2 Rc8 46. Rxc8+ Nxc8 47. a3
Kf8 48. f4 exf4 49. gxf4 Nb6 50. Bg2 Nc4 51. Nxc4 bxc4 52. Bf3 c3 53. Bd1 Bb5
54. Bc2 Bc4 55. Kg2 Bb3 56. Bd3 c2 57. Bxc2 Bxc2 58. Kf3 f5 0-1

[Event "15th London Classic Open"]
[Site "London ENG"]
[Date "2025.11.30"]
[Round "5.34"]
[White "Abdulla, Murad"]
[Black "Manmay Chopra"]
[Result "1-0"]
[WhiteTitle "FM"]
[BlackTitle "CM"]
[WhiteElo "2324"]
[BlackElo "2142"]
[WhiteFideId "2403757"]
[BlackFideId "25649191"]
[EventDate "2025.11.27"]

1. Nf3 Nf6 2. g3 g6 3. Bg2 Bg7 4. c4 d6 5. d4 O-O 6. Nc3 Re8 7. O-O Bd7 8. e4 e5
9. h3 exd4 10. Nxd4 Qc8 11. Kh2 Nc6 12. Nde2 Be6 13. b3 h5 14. Bg5 Nh7 15. Be3
h4 16. Rc1 hxg3+ 17. Nxg3 Ne7 18. f4 f5 19. Bd4 Bxd4 20. Qxd4 Kf7 21. Nd5 c5 22.
Nxe7 Qd7 23. Qc3 Qxe7 24. Rce1 Qf6 25. e5 dxe5 26. fxe5 Qh4 27. Ne4 Rh8 28. Nxc5
Ng5 29. Qg3 Qh6 30. Nxb7 Kg7 31. Nc5 Raf8 32. Qxg5 1-0

[Event "15th London Classic Open"]
[Site "London ENG"]
[Date "2025.11.30"]
[Round "5.35"]
[White "Panda, Barnabas"]
[Black "Banerjee, Supratit"]
[Result "0-1"]
[BlackTitle "FM"]
[WhiteElo "2099"]
[BlackElo "2323"]
[WhiteFideId "799556"]
[BlackFideId "2410079"]
[EventDate "2025.11.27"]

1. d4 Nf6 2. c4 g6 3. g3 Bg7 4. Bg2 d6 5. Nf3 O-O 6. O-O Nbd7 7. Nc3 e5 8. e4 b6
9. h3 Bb7 10. Re1 Re8 11. d5 a5 12. Be3 a4 13. Qc2 Rf8 14. Nxa4 Nxe4 15. Nxb6
cxb6 16. Qxe4 f5 17. Qc2 Rc8 18. Ng5 f4 19. Ne6 fxe3 20. Nxd8 exf2+ 21. Kh2
fxe1=Q 22. Rxe1 Rcxd8 23. a4 Rc8 24. Ra1 e4 25. Qxe4 Ne5 26. Rc1 Rce8 27. Qc2
Nf3+ 28. Kh1 Ne1 29. Qd2 Nxg2 30. Kxg2 Re4 31. b3 Rfe8 32. Rc2 Re3 33. a5 Rxb3
34. Qg5 bxa5 35. Rf2 Be5 36. Rf3 a4 37. h4 Rxf3 38. Kxf3 a3 39. Qd2 Ra8 40. Qa2
Bb2 41. Kf2 Ba6 42. c5 Bd4+ 43. Kg2 Bxc5 0-1

[Event "15th London Classic Open"]
[Site "London ENG"]
[Date "2025.11.30"]
[Round "5.36"]
[White "Negrean, Andrei"]
[Black "Xian, Junhao"]
[Result "1-0"]
[WhiteTitle "FM"]
[WhiteElo "2334"]
[BlackElo "2166"]
[WhiteFideId "1291513"]
[BlackFideId "8607621"]
[EventDate "2025.11.27"]

1. e4 c5 2. Nf3 e6 3. d4 cxd4 4. Nxd4 Nc6 5. Nxc6 bxc6 6. Bd3 Nf6 7. O-O d5 8.
e5 Nd7 9. Re1 Qb6 10. c4 Bc5 11. Qf3 Bd4 12. Qf4 g5 13. Qd2 Nxe5 14. Bf1 g4 15.
c5 Qxc5 16. b4 Qb6 17. Bb2 Bxb2 18. Qxb2 f6 19. Nc3 Rb8 20. a3 O-O 21. Na4 Qc7
22. Nc5 a5 23. Qd4 axb4 24. axb4 Rf7 25. Ra4 Qd6 26. Ne4 Qe7 27. Nxf6+ Qxf6 28.
Rxe5 Qf4 29. Qb2 Rg7 30. g3 Qf8 31. Qd4 Qd6 32. Be2 Bd7 33. Bxg4 Rxb4 34. Qxb4
Qxe5 35. Ra8+ Kf7 36. Rf8+ Kg6 37. Bf3 Qg5 38. h4 Qc1+ 39. Kg2 h5 40. Rh8 c5 41.
Bxh5+ Kf5 42. Rf8+ Ke5 43. Qb8+ Kd4 44. Rf4+ Kd3 45. Qb3+ Kd2 46. Rf3 c4 47.
Qe3+ Kc2 48. Qc3+ Kb1 49. Qxg7 Bc6 50. Bg6+ Ka2 51. Qa7+ Kb2 52. Qa3# 1-0

[Event "15th London Classic Open"]
[Site "London ENG"]
[Date "2025.11.30"]
[Round "5.37"]
[White "Koster, Ramon"]
[Black "Mesropyan, Hayk"]
[Result "1-0"]
[WhiteTitle "FM"]
[WhiteElo "2302"]
[BlackElo "2136"]
[WhiteFideId "1008544"]
[BlackFideId "499455"]
[EventDate "2025.11.27"]

1. d4 d5 2. c4 e6 3. Nf3 Nf6 4. Nc3 Be7 5. Bf4 O-O 6. e3 c5 7. dxc5 Bxc5 8. cxd5
Nxd5 9. Nxd5 exd5 10. a3 Re8 11. Bd3 d4 12. Bxh7+ Kf8 13. b4 Bb6 14. O-O Bg4 15.
h3 g5 16. hxg4 gxf4 17. exf4 Qf6 18. g3 Kg7 19. Bd3 Nc6 20. Kg2 a5 21. b5 Ne7
22. Rh1 Rh8 23. f5 Qd6 24. g5 f6 25. Re1 Nd5 26. Re6 Qc7 27. Rc1 Bc5 28. gxf6+
Kf8 29. Ne5 Qh7 30. Ng6+ Kf7 31. Ne5+ Kf8 32. Qg4 Qh2+ 33. Kf3 Rg8 34. Nd7+ Kf7
35. Ne5+ Kf8 36. Ng6+ Kf7 37. Rxc5 Qh1+ 38. Ke2 Nc3+ 39. Rxc3 dxc3 40. Re7+ Kxf6
41. Qd4+ Kg5 42. Qf4+ Kf6 43. Qe5+ Kg5 44. f6+ Kh6 45. Qf4+ 1-0

[Event "15th London Classic Open"]
[Site "London ENG"]
[Date "2025.11.30"]
[Round "5.38"]
[White "Carroll, Peter"]
[Black "Panjer, Sidney"]
[Result "1-0"]
[WhiteTitle "FM"]
[WhiteElo "2165"]
[BlackElo "2287"]
[WhiteFideId "2510243"]
[BlackFideId "16207041"]
[EventDate "2025.11.27"]

1. e4 c5 2. Nf3 Nc6 3. Bb5 e6 4. Bxc6 bxc6 5. d3 Ne7 6. Nbd2 f6 7. e5 Ng6 8. h4
Qc7 9. Nc4 Be7 10. b3 O-O 11. Bb2 Nxe5 12. Ncxe5 fxe5 13. Qe2 d6 14. O-O-O Bd7
15. Kb1 Rf5 16. g4 Rf6 17. Nd2 Raf8 18. f3 Rf4 19. Rdf1 c4 20. dxc4 c5 21. Ne4
Bc6 22. Bc1 R4f7 23. Bg5 d5 24. Bxe7 dxe4 25. Bxf8 exf3 26. Qe3 Rxf8 27. Qxc5 e4
28. Rd1 Qb6 29. Qe5 Kh8 30. h5 h6 31. g5 Rf5 32. Qxe6 Rxg5 33. Qc8+ Kh7 34. Rd8
Qxd8 35. Qxd8 f2 36. Rf1 Rg1 37. Qd1 Rxf1 38. Qxf1 e3 39. Kb2 g5 40. Kc3 g4 41.
Kd3 1-0

[Event "15th London Classic Open"]
[Site "London ENG"]
[Date "2025.11.30"]
[Round "5.39"]
[White "Pollack, Oscar"]
[Black "Kalavannan, Koby"]
[Result "0-1"]
[BlackTitle "FM"]
[WhiteElo "2099"]
[BlackElo "2275"]
[WhiteFideId "429414"]
[BlackFideId "425753"]
[EventDate "2025.11.27"]

1. e4 d5 2. exd5 Nf6 3. Bb5+ Bd7 4. Bc4 Bg4 5. f3 Bf5 6. Nc3 Nbd7 7. Qe2 Nb6 8.
Bb3 Qd7 9. Qe5 O-O-O 10. Nge2 Nfxd5 11. O-O f6 12. Qg3 e5 13. Kh1 Bc5 14. Ne4
Qe7 15. a3 g5 16. Bxd5 Nxd5 17. Qe1 Nf4 18. d4 Bxd4 19. Nxd4 Rxd4 20. Be3 Rc4
21. Qa5 a6 22. Nc5 Qd6 23. a4 Qb6 24. Qe1 Rxc5 25. b4 Nxg2 26. Qf2 Nxe3 27. bxc5
Qxc5 28. Rae1 Bh3 29. Rg1 g4 30. Rg3 f5 31. fxg4 Bxg4 32. Rgxe3 f4 33. Qg2 fxe3
34. Qxg4+ Kb8 35. Qe4 Rd8 36. Rxe3 Rd1+ 37. Kg2 Rd2+ 38. Kg3 Rxc2 39. h4 Rc4 40.
Qxe5 Qd6 0-1

[Event "15th London Classic Open"]
[Site "London ENG"]
[Date "2025.11.30"]
[Round "5.40"]
[White "Verbytski, Oleg"]
[Black "Itkin, David"]
[Result "0-1"]
[WhiteElo "2092"]
[BlackElo "2272"]
[WhiteFideId "495506"]
[BlackFideId "2611813"]
[EventDate "2025.11.27"]

1. e4 c6 2. d4 d5 3. Nc3 dxe4 4. Nxe4 Bf5 5. Ng3 Bg6 6. h4 h6 7. Nf3 e6 8. h5
Bh7 9. Bd3 Bxd3 10. Qxd3 Nf6 11. Bd2 c5 12. O-O-O Nc6 13. Be3 Nd5 14. dxc5 Qa5
15. Qb3 Bxc5 16. Bxc5 Qxc5 17. Ne4 Qb6 18. Nd6+ Ke7 19. Nb5 Rhd8 20. Qa3+ Ndb4
21. Nfd4 Qc5 22. c3 Nxd4 23. Nxd4 Rac8 24. Kb1 Nd5 25. Qb3 Rd6 26. Qc2 Rb6 27.
Nb3 Qc7 28. Rhe1 Nf6 29. Rd4 Rd8 30. Rxd8 Qxd8 31. Qe2 Qd5 32. g4 a5 33. Rd1
Qe4+ 34. Qxe4 Nxe4 35. f3 a4 36. fxe4 axb3 37. a4 Rd6 38. Kc1 Rxd1+ 39. Kxd1 Kd6
40. Kd2 Ke5 41. Ke3 g5 42. c4 f5 43. c5 fxe4 44. c6 bxc6 45. a5 Kd6 46. Kxe4 Kc5
47. Ke5 Kb5 48. Kxe6 Kxa5 49. Kf6 c5 50. Kg6 c4 51. Kxh6 c3 52. bxc3 b2 53. Kg7
b1=Q 54. h6 Qb7+ 55. Kg6 Qe4+ 56. Kxg5 Qh7 57. Kh5 Qf7+ 58. Kg5 Kb5 59. h7 Qxh7
60. Kf6 Qh6+ 61. Kf5 Kc4 62. g5 Qg7 0-1

[Event "15th London Classic Open"]
[Site "London ENG"]
[Date "2025.11.30"]
[Round "5.41"]
[White "Krishnan, Ritvik"]
[Black "Farberov, Maxim"]
[Result "1-0"]
[WhiteTitle "FM"]
[WhiteElo "2265"]
[BlackElo "2133"]
[WhiteFideId "45055297"]
[BlackFideId "2070944"]
[EventDate "2025.11.27"]

1. d4 Nf6 2. c4 g6 3. Nc3 Bg7 4. e4 d6 5. Nf3 O-O 6. Be2 e5 7. O-O h6 8. Re1
Nbd7 9. Bf1 Re8 10. d5 a5 11. Be3 Ng4 12. Bd2 f5 13. h3 Ngf6 14. exf5 gxf5 15.
Qc2 Nc5 16. Be3 Nh5 17. Rad1 e4 18. Nh2 Bd7 19. Qc1 Kh7 20. Kh1 Rg8 21. Ne2 Be5
22. Nf4 Nxf4 23. Bxf4 Bxf4 24. Qxf4 Qg5 25. Qxg5 hxg5 26. f3 Rae8 27. fxe4 Nxe4
28. Kg1 Kg7 29. Nf3 Kf6 30. Bd3 Nc5 31. Bc2 Rxe1+ 32. Rxe1 Re8 33. Rxe8 Bxe8 34.
Kf2 Bh5 35. Nd4 Bg6 36. Nb5 Na6 37. g3 Be8 38. Nd4 Bd7 39. h4 Nb4 40. Bb1 gxh4
41. gxh4 Be8 42. a3 Na6 43. Bxf5 Nc5 44. Bc2 Ke5 45. Ke3 c6 46. dxc6 bxc6 47. h5
Bxh5 48. Nxc6+ Ke6 49. Nxa5 Kd7 50. b4 Na6 51. Bf5+ Kc7 52. Kd4 Bd1 53. Be4 Kd7
54. Bc6+ Kc7 55. Bb5 Nb8 56. c5 Bf3 57. cxd6+ Kxd6 58. Nc4+ Kc7 59. Ne5 Bg2 60.
Kc5 Be4 61. a4 Bh1 62. a5 Bb7 63. Bc4 Bg2 64. b5 Be4 65. a6 Nxa6+ 66. bxa6 Kb8
67. Kb6 Ka8 68. Nf7 Bf3 69. Nd6 1-0

[Event "15th London Classic Open"]
[Site "London ENG"]
[Date "2025.11.30"]
[Round "5.42"]
[White "Hryshchenko, Kamila"]
[Black "Shubin, Daniel"]
[Result "1-0"]
[WhiteTitle "WFM"]
[BlackTitle "CM"]
[WhiteElo "2066"]
[BlackElo "2235"]
[WhiteFideId "14147491"]
[BlackFideId "30936470"]
[EventDate "2025.11.27"]

1. e4 e6 2. d3 d5 3. Nd2 a5 4. Ngf3 Nf6 5. g3 Bc5 6. e5 Nfd7 7. c3 a4 8. d4 Be7
9. Bb5 b6 10. Bxa4 Ba6 11. b4 c6 12. Nf1 O-O 13. h4 Qc8 14. Bc2 f5 15. Ne3 c5
16. Bd2 Nc6 17. Rb1 Bb7 18. Rb2 Ncxe5 19. Nxe5 Nxe5 20. dxe5 d4 21. O-O dxe3 22.
Bxe3 cxb4 23. cxb4 Rd8 24. Qe1 Qc7 25. Bf4 Bd5 26. a4 Qc4 27. Bb3 Qd4 28. Rd2
Qxb4 29. Bxd5 Rxd5 30. Rxd5 exd5 31. Qd1 d4 32. Qc2 Qxa4 33. Qxf5 Qc6 34. Rc1
Bc5 35. h5 Qf3 36. h6 d3 37. Qe6+ Kh8 38. hxg7+ Kxg7 39. Qf6+ Kg8 40. Qg5+ Kh8
41. Rxc5 bxc5 42. Qf6+ Kg8 43. e6 Qh5 44. Be5 Qxe5 45. Qxe5 d2 46. Qg5+ 1-0

[Event "15th London Classic Open"]
[Site "London ENG"]
[Date "2025.11.30"]
[Round "5.43"]
[White "Sivanandan, Bodhana"]
[Black "Kudaibergen, Nurlykhan"]
[Result "1/2-1/2"]
[WhiteTitle "WIM"]
[WhiteElo "2233"]
[BlackElo "2127"]
[WhiteFideId "497592"]
[BlackFideId "13724665"]
[EventDate "2025.11.27"]

1. e4 e6 2. d4 d5 3. Nd2 c5 4. exd5 Qxd5 5. Ngf3 cxd4 6. Bc4 Qd7 7. O-O Nc6 8.
Nb3 a6 9. Nbxd4 Nxd4 10. Nxd4 Qc7 11. Bd3 Bd6 12. h3 Ne7 13. c3 e5 14. Nb3 O-O
15. Qe2 Bf5 16. Be3 Rad8 17. Rad1 h6 18. Rd2 Bxd3 19. Rxd3 f5 20. Rfd1 Ng6 21.
Qd2 Be7 22. Rd7 Qc6 23. Qd5+ Qxd5 24. R1xd5 Rxd7 25. Rxd7 b5 26. g4 f4 27. Bc5
Rd8 28. Rxd8+ Bxd8 29. f3 Kf7 30. Kf1 Ke6 31. Ke2 Kd5 32. Bf2 Be7 33. Nd2 Nf8
34. Kd3 Ne6 35. b3 Bc5 36. Be1 Bd6 37. Ne4 Kc6 38. Bf2 Kd5 39. Ba7 Bc7 40. Bg1
Bd6 41. Bf2 Bc5 42. Nxc5 Nxc5+ 43. Bxc5 Kxc5 44. Ke4 Kd6 45. h4 a5 46. a4 bxa4
47. bxa4 g6 48. g5 hxg5 49. hxg5 Ke6 50. c4 Kd6 51. c5+ Kxc5 52. Kxe5 Kb4 53.
Kf6 Kxa4 54. Kxg6 Kb4 55. Kf5 a4 56. g6 a3 57. g7 a2 58. g8=Q a1=Q 59. Qb8+ Kc4
60. Qxf4+ Kb3 61. Qe3+ Kc2 62. f4 Qg7 63. Qe4+ Kc1 64. Qe5 Qg8 65. Qe1+ Kb2 66.
Qe6 Qg3 67. Qf6+ Ka2 68. Qg5 Qd3+ 69. Kf6 Qd8+ 70. Kg6 Qe8+ 71. Kh7 Qf7+ 72. Kh6
Qf8+ 73. Kh5 Qh8+ 74. Kg4 Qd4 75. Qa5+ Kb1 76. Qe5 Qc4 77. Kf3 Qd3+ 78. Qe3 Qf1+
79. Kg3 Ka1 80. Qe5+ Ka2 81. f5 Qg1+ 82. Kh4 Qf2+ 83. Kg4 Qg1+ 84. Qg3 Qd4+ 85.
Qf4 Qg7+ 86. Qg5 Qd7 87. Qg8+ Kb2 88. Qe6 Qd4+ 89. Kg5 Qg1+ 90. Kh6 Qh2+ 91. Kg7
Qg2+ 92. Kf6 Qh1 93. Kf7 Qb7+ 94. Qe7 Qd5+ 95. Kg6 Qg2+ 96. Qg5 Qe4 97. Kh5 Qh1+
98. Qh4 Qd5 99. Qf2+ Kb1 100. Kg4 Qg8+ 101. Kh3 Qh7+ 102. Kg2 Qg8+ 103. Kf3 Qd5+
104. Kg4 Qg8+ 105. Kf4 Qc4+ 106. Ke3 Qc5+ 107. Ke2 Qc4+ 108. Kf3 Qd5+ 109. Kg3
Qg8+ 110. Kh2 Qh8+ 111. Kg1 Qf6 112. Qe1+ Kb2 113. Qe4 Qg5+ 114. Kf2 Qf6 115.
Qe6 Qh4+ 116. Kf3 Qh3+ 117. Ke4 Qh1+ 118. Kd4 Qd1+ 119. Kc5 Qc2+ 120. Kd6 Qd2+
121. Ke7 Qb4+ 122. Kf7 Qb7+ 123. Qe7 Qd5+ 124. Kg6 Qg2+ 125. Qg5 Qe4 126. Qd2+
Kb1 127. Kg5 Qe5 128. Qb4+ Ka1 129. Kg6 Qe8+ 130. Kg7 Qd7+ 131. Kg6 Qe8+ 1/2-1/2

[Event "15th London Classic Open"]
[Site "London ENG"]
[Date "2025.11.30"]
[Round "5.44"]
[White "Aditya, Kunal Patil"]
[Black "Hill, Alistair"]
[Result "0-1"]
[WhiteTitle "CM"]
[WhiteElo "2208"]
[BlackElo "2087"]
[WhiteFideId "25656716"]
[BlackFideId "432407"]
[EventDate "2025.11.27"]

1. e4 c5 2. Nc3 e6 3. f4 d5 4. d3 Nf6 5. e5 Ng8 6. Nf3 Nc6 7. g3 h5 8. Bh3 Nh6
9. Bd2 Be7 10. Qe2 g6 11. Nd1 b5 12. Be3 b4 13. Bf2 a5 14. Ne3 Ba6 15. Bg2 Rc8
16. Rd1 a4 17. h3 Nf5 18. Nxf5 gxf5 19. g4 hxg4 20. hxg4 Rxh1+ 21. Bxh1 fxg4 22.
Nh2 Kd7 23. Nxg4 Qh8 24. Bf3 Bh4 25. Kd2 Bxf2 26. Qxf2 Nd4 27. Nf6+ Ke7 28. Rh1
Nxf3+ 29. Qxf3 Qg7 30. Qf2 b3 31. axb3 axb3 32. Rg1 Qh8 33. Ra1 Bb5 34. cxb3 Qh3
35. Ra7+ Kf8 36. Qe2 0-1

[Event "15th London Classic Open"]
[Site "London ENG"]
[Date "2025.11.30"]
[Round "5.45"]
[White "Kovalskyi, Roman"]
[Black "Han, Qixiang"]
[Result "0-1"]
[WhiteElo "2208"]
[BlackElo "2104"]
[WhiteFideId "14184214"]
[BlackFideId "496952"]
[EventDate "2025.11.27"]

1. d4 d5 2. Nf3 Nf6 3. c4 dxc4 4. e3 Bg4 5. Bxc4 e6 6. h3 Bh5 7. Nc3 Nc6 8. O-O
Bd6 9. Re1 O-O 10. g4 Bg6 11. e4 Nd7 12. Bg5 Be7 13. d5 Nce5 14. Bxe7 Qxe7 15.
Be2 f5 16. Nd4 fxg4 17. Bxg4 Qh4 18. Bxe6+ Kh8 19. Qd2 Nc5 20. Qe3 Nxe6 21. dxe6
c5 22. Nf5 Bxf5 23. exf5 Rxf5 24. e7 Rf3 25. Qe2 Rxh3 26. Qe4 Qh5 27. Re3 Nf3+
28. Kf1 Nd2+ 29. Ke1 Nxe4 30. Rxe4 Rh1+ 31. Kd2 Rxa1 32. Kc2 Re8 33. Kb3 Qf7+
34. Ka3 Rxe7 35. Rxe7 Qxe7 36. Nd5 Qe4 37. f3 Qxd5 38. b3 Qd2 39. f4 Rxa2# 0-1

[Event "15th London Classic Open"]
[Site "London ENG"]
[Date "2025.11.30"]
[Round "5.46"]
[White "Yoon, Jacob D"]
[Black "Balaji, Aaravamudhan"]
[Result "1/2-1/2"]
[WhiteTitle "CM"]
[BlackTitle "IM"]
[WhiteElo "2160"]
[BlackElo "2305"]
[WhiteFideId "446076"]
[BlackFideId "436224"]
[EventDate "2025.11.27"]

1. e4 e5 2. Nf3 Nc6 3. Bc4 Nf6 4. d3 Be7 5. O-O O-O 6. Nc3 d6 7. a4 Na5 8. Ba2
c5 9. Bg5 Nc6 10. Bxf6 Bxf6 11. Nd5 g6 12. Qd2 Bg4 13. Qe3 Kh8 14. c3 Bg7 15.
Nd2 Be6 16. f3 Qd7 17. Rfb1 f5 18. Bc4 Ne7 19. Nxe7 Qxe7 20. Bxe6 Qxe6 21. a5
Rf7 22. c4 f4 23. Qe2 Rg8 24. Rf1 h5 25. Nb1 g5 26. Kf2 g4 27. Ke1 Bf6 28. a6 b6
29. b3 Rh7 30. Ra2 h4 31. fxg4 h3 32. Rg1 Rxg4 33. Qf3 hxg2 34. Raxg2 Rxg2 35.
Qxg2 Rg7 36. Qf1 Rxg1 37. Qxg1 Qh3 38. Qg6 Bg7 39. Nd2 Qxh2 40. Nf3 Qg3+ 41.
Qxg3 fxg3 42. Ng5 Kg8 43. Ne6 Kf7 44. Nd8+ Ke8 45. Nc6 Kd7 46. Nxa7 Kc7 47. Nb5+
Kb8 1/2-1/2

[Event "15th London Classic Open"]
[Site "London ENG"]
[Date "2025.11.30"]
[Round "5.47"]
[White "Vortmeier, Jan"]
[Black "Vu Dinh, Adrien"]
[Result "0-1"]
[WhiteElo "2152"]
[BlackElo "2281"]
[WhiteFideId "16261321"]
[BlackFideId "45186995"]
[EventDate "2025.11.27"]

1. Nf3 Nf6 2. g3 g6 3. b3 Bg7 4. Bb2 d6 5. d4 b6 6. Bg2 Bb7 7. c4 O-O 8. O-O
Nbd7 9. Qc2 e6 10. Nc3 c5 11. Rad1 Qe7 12. e4 cxd4 13. Nxd4 a6 14. Rd2 Rfd8 15.
Rfd1 Rac8 16. a4 Ba8 17. Qb1 Nc5 18. Ba3 Qb7 19. Re2 Qb8 20. h3 h5 21. Bc1 d5
22. exd5 exd5 23. Bf4 Qa7 24. Nxd5 Nxd5 25. cxd5 Bxd5 26. Bxd5 Rxd5 27. Nf3 Qd7
28. Rxd5 Qxd5 29. Re3 Bf6 30. Be5 Bxe5 31. Nxe5 Re8 32. Ng4 Re6 33. Rxe6 Qxe6
34. Ne3 Nxb3 35. Qd3 Nc5 36. Qd8+ Kg7 37. Qd4+ Qf6 38. Qxf6+ Kxf6 39. Nd5+ Ke5
40. Nxb6 Kd4 41. Kf1 Kc3 42. Ke2 Kb4 43. a5 Kxa5 44. Nc4+ Kb4 45. Ne5 a5 46. Kd1
Kb3 47. Kc1 a4 48. Kb1 a3 49. g4 hxg4 50. hxg4 f6 51. Nc6 a2+ 52. Ka1 Ka3 53.
Nd4 Nb3+ 54. Nxb3 Kxb3 55. f4 Kc3 56. f5 gxf5 57. gxf5 Kd4 58. Kxa2 Ke4 59. Kb2
Kxf5 60. Kc2 Ke4 61. Kd2 Kf3 62. Ke1 f5 63. Kf1 f4 0-1

[Event "15th London Classic Open"]
[Site "London ENG"]
[Date "2025.11.30"]
[Round "5.48"]
[White "Willmoth, Robert F"]
[Black "Dobrosmyslov, Artem"]
[Result "1/2-1/2"]
[WhiteTitle "CM"]
[BlackTitle "FM"]
[WhiteElo "2130"]
[BlackElo "2254"]
[WhiteFideId "402540"]
[BlackFideId "24139521"]
[EventDate "2025.11.27"]

1. Nf3 Nf6 2. d4 b6 3. g3 Bb7 4. Bg2 e6 5. O-O c5 6. c4 cxd4 7. Qxd4 d6 8. Nc3
Be7 9. b3 O-O 10. Ba3 Nc6 11. Qd2 d5 12. Bxe7 Nxe7 13. cxd5 Nexd5 14. Nxd5 Bxd5
15. Rfd1 Qc7 16. Rac1 Qb7 17. Ne1 h6 18. Bxd5 Nxd5 19. e4 Nf6 20. f3 Rac8 21.
Kg2 Qb8 22. Qb2 Rxc1 23. Qxc1 Rc8 24. Qd2 Qe5 25. Qd4 Qa5 26. Qd2 Qa3 27. Nd3
Nd7 28. Rc1 Rxc1 29. Nxc1 Ne5 30. Ne2 b5 31. Nc3 Qc5 32. a4 b4 33. Ne2 Nc6 34.
f4 e5 35. Kf3 Nd4+ 36. Nxd4 exd4 37. Qd3 Qc3 38. Ke2 Qa1 39. e5 Qg1 40. Kf3 Qh1+
41. Kg4 Qd5 42. Kh3 h5 43. Kh4 g6 44. f5 Qxe5 45. fxg6 Qf6+ 46. Kxh5 fxg6+ 47.
Kg4 Kg7 48. Qe4 Qd6 49. Qd3 Qd5 50. h4 Qh5+ 51. Kf4 Qd5 52. g4 Qd6+ 53. Ke4 Qe6+
54. Kf3 Qd5+ 55. Kf4 Qd6+ 56. Ke4 Qe6+ 57. Kf4 Qf6+ 58. Kg3 Qd6+ 59. Kf3 Qc6+
60. Kf4 1/2-1/2

[Event "15th London Classic Open"]
[Site "London ENG"]
[Date "2025.11.30"]
[Round "5.49"]
[White "Fellowes, Billy"]
[Black "Figeac, Aurelien"]
[Result "1-0"]
[WhiteTitle "CM"]
[WhiteElo "2184"]
[BlackElo "2121"]
[WhiteFideId "483540"]
[BlackFideId "616818"]
[EventDate "2025.11.27"]

1. d4 d5 2. c4 e6 3. Nc3 Nf6 4. cxd5 exd5 5. Bg5 Be7 6. e3 c6 7. Qc2 h6 8. Bh4
O-O 9. Nf3 Re8 10. Bd3 Ne4 11. Bxe7 Qxe7 12. O-O Nd7 13. Rfe1 Ndf6 14. Ne5 Nxc3
15. Qxc3 Be6 16. f3 Rac8 17. b4 Red8 18. Rac1 Nd7 19. f4 Nf6 20. Rf1 Qd6 21. Rc2
Bd7 22. h3 Be8 23. f5 b6 24. g4 Nh7 25. h4 f6 26. Nf3 Rc7 27. Rg2 c5 28. bxc5
bxc5 29. g5 hxg5 30. hxg5 Qe7 31. Qe1 cxd4 32. g6 Ng5 33. Nxd4 Bd7 34. Rh2 Re8
35. Qh4 1-0